Statistics for NBA 2k18 Highest-Rated Player by Team

Click here to take the quiz!

General Stats

  • This quiz has been taken 830 times
    (793 since last reset)
  • The average score is 24 of 31

Answer Stats

RatingTeamAnswer% Correct
97CLELebron James
100%
96GSWKevin Durant
98%
95HOUJames Harden
96%
94OKCRussell Westbrook
96%
91MILGiannis Antetokounmpo
95%
94NOPAnthony Davis
94%
95SASKawhi Leonard
94%
91MINKarl-Anthony Towns
93%
89PORDamian Lillard
92%
89TORDemar Derozan
90%
90WASJohn Wall
90%
89DENNikola Jokic
90%
90BOSKyrie Irving
89%
86PHIJoel Embiid
87%
89MEMMarc Gasol
86%
89UTARudy Gobert
86%
86CHAKemba Walker
84%
Blake Griffin
83%
84PHODevin Booker
80%
87LACDeAndre Jordan
76%
85DETAndre Drummond
73%
86NYKKristaps Porzingis
67%
87MIAHassan Whiteside
66%
80BKND'Angelo Russell
62%
80CHIZach Lavine
59%
84INDMyles Turner
53%
80ORLNikola Vucevic
52%
84LALBrook Lopez
47%
81DALHarrison Barnes
40%
79ATLDennis Schroder
33%
82SACGeorge Hill
16%

Score Distribution

Percentile by Number Answered

Percent of People with Each Score

Your Score History

You have not taken this quiz since the last reset